Brassens - Le Roi Boiteux - Statistiques

Statistiques générales
  • Ce quiz a été pris 55 fois
  • Le résultat moyen est 90 sur 138
Statistiques - réponses
Paroles % Correct
boite
100%
roi
100%
à
94%
le
94%
Un
94%
un
94%
de
88%
des
88%
je
88%
la
88%
au
82%
et
82%
Et
82%
Il
82%
ou
82%
pied;
82%
pied
82%
que
82%
se
82%
est
76%
ne
76%
pieds;"
76%
plus
76%
Avait
71%
deux
71%
droit
71%
Les
71%
qui
71%
si
71%
vous
71%
boitait
65%
boitait,
65%
boitait.
65%
c'est
65%
cor,
65%
cor
65%
marche
65%
pas;"
65%
son
65%
Tout
65%
tout
65%
bien
59%
France,
59%
gauche,
59%
monde
59%
quelle
59%
suis
59%
vois
59%
autre,
53%
cette
53%
cors;
53%
droite,
53%
erreur
53%
faire
53%
ils
53%
jour,
53%
qu'un
53%
"Sire,
53%
votre !
53%
voyez:
53%
boiter.
47%
boitez
47%
C'était
47%
comme
47%
d'Espagne,
47%
dire ?
47%
pense;
47%
pitié.
47%
prince,
47%
rire,
47%
tous
47%
bas,
41%
coure,
41%
devant
41%
espèce
41%
gens
41%
l'antichambre
41%
l'office.
41%
met
41%
métier,
41%
"Monsieur
41%
nouveau
41%
On
41%
oubliant
41%
peuplier.
41%
qu'est-ce
41%
seigneur
41%
adroite,
35%
bénéfice
35%
bientôt
35%
criblé
35%
ferme
35%
mode
35%
passer
35%
province,
35%
rapportait.
35%
vint
35%
vit
35%
apprirent
29%
excepté
29%
l'imiter,
29%
murmura:
29%
S'appliquèrent
24%
Aucun quiz correspondant
Distribution des résultats
% des personnes avec chaque résultat
Percentile par nombre de réponses
Votre historique - résultats
Vous n’avez pas pris ce quiz